00221nam a22000977a 4500003000500000038001200005082001800017245003600035260003400071300001800105NUST aTanveer a891.4393bHIJ aKalisa aur Aag /cNaseem Hijazi aLahorebJahangir Booksc[N.D] a428p.c25 cm.